000 00428nam a2200205Ia 4500
001 12024
003 GE_BSU
008 181216s||||||||xx |||||||||||||| ||und||
020 _a9780099421788
040 _cGE_BSU
080 _a821.111-312.4
100 _aSlaughter,Karin
245 _aKisscut
260 _aLondon
260 _bArrow Books.
260 _c2002.
300 _a470p;18cm.
653 _aKisscut
942 _cBK
999 _c45201
_d45201